Uspávanka (Record no. 20722)
[ view plain ]
| 000 -LEADER | |
|---|---|
| fixed length control field | 01335cam a2200397 a 4500 |
| 001 - CONTROL NUMBER | |
| control field | 20722 |
| 003 - CONTROL NUMBER IDENTIFIER | |
| control field | VRT |
| 005 - DATE AND TIME OF LATEST TRANSACTION | |
| control field | 20260130142541.0 |
| 008 - FIXED-LENGTH DATA ELEMENTS--GENERAL INFORMATION | |
| fixed length control field | 240702s1993 xo gr 0000f slo |
| 015 ## - NATIONAL BIBLIOGRAPHY NUMBER | |
| National bibliography number | SNBA1993/11 |
| 020 ## - INTERNATIONAL STANDARD BOOK NUMBER | |
| International Standard Book Number | 8022004820 |
| 035 ## - SYSTEM CONTROL NUMBER | |
| System control number | SNK000016001 |
| 039 #9 - LEVEL OF BIBLIOGRAPHIC CONTROL AND CODING DETAIL [OBSOLETE] | |
| Level of rules in bibliographic description | 202407181040 |
| Level of effort used to assign nonsubject heading access points | msnk116 |
| Level of effort used to assign subject headings | 202407021408 |
| Level of effort used to assign classification | csnk01 |
| Level of effort used to assign subject headings | 202407021354 |
| Level of effort used to assign classification | VLOAD |
| Level of effort used to assign subject headings | 202403181447 |
| Level of effort used to assign classification | VLOAD |
| 040 ## - CATALOGING SOURCE | |
| Original cataloging agency | SNK |
| Language of cataloging | slo |
| Transcribing agency | SNK |
| Description conventions | AACR2 |
| 041 1# - LANGUAGE CODE | |
| Language code of text/sound track or separate title | slo |
| Language code of original | eng |
| 044 ## - COUNTRY OF PUBLISHING/PRODUCING ENTITY CODE | |
| MARC country code | xo |
| ISO country code | SK |
| 072 #7 - SUBJECT CATEGORY CODE | |
| Subject category code | 821.111(73)-3 |
| Subject category code subdivision | Americká próza |
| Source | konspekt |
| 080 ## - UNIVERSAL DECIMAL CLASSIFICATION NUMBER | |
| Universal Decimal Classification number | 821.111(73)-31 |
| Edition identifier | 2011 |
| 100 1# - MAIN ENTRY--PERSONAL NAME | |
| Personal name | McBain, Ed, |
| Dates associated with a name | 1926-2005 |
| Relationship | aut |
| 240 10 - UNIFORM TITLE | |
| Uniform title | Lullaby |
| Language of a work | Slovensky |
| 245 10 - TITLE STATEMENT | |
| Title | Uspávanka |
| Statement of responsibility, etc. | Ed Mac Bain ; prel. Viktor Krupa |
| 250 ## - EDITION STATEMENT | |
| Edition statement | 1.vyd. |
| 260 ## - PUBLICATION, DISTRIBUTION, ETC. | |
| Place of publication, distribution, etc. | Bratislava |
| Name of publisher, distributor, etc. | Slovenský spisovateľ |
| Date of publication, distribution, etc. | 1993 |
| Place of manufacture | Trnava |
| Manufacturer | Polygrafické závody |
| 300 ## - PHYSICAL DESCRIPTION | |
| Extent | 264 s. |
| Dimensions | 21 cm |
| 490 1# - SERIES STATEMENT | |
| Series statement | Zelená knižnica |
| 655 #7 - INDEX TERM--GENRE/FORM | |
| Genre/form data or focus term | americké romány |
| Source of term | SNKPH |
| 700 1# - ADDED ENTRY--PERSONAL NAME | |
| Personal name | Krupa, Viktor, |
| Dates associated with a name | 1936-2021 |
| Relationship | trl |
| 830 #0 - SERIES ADDED ENTRY--UNIFORM TITLE | |
| Uniform title | Zelená knižnica |
| 942 ## - ADDED ENTRY ELEMENTS (KOHA) | |
| Source of classification or shelving scheme | Dewey Decimal Classification |
| Koha item type | Krásna literatúra pre dospelých |
| Suppress in OPAC | No |
| 949 ## - LOCAL PROCESSING INFORMATION (OCLC) | |
| 6 | 270001000035263 |
| a | svkbbA 84528 |
| b | svkbbm 580663 |
| 949 ## - LOCAL PROCESSING INFORMATION (OCLC) | |
| 6 | 17A1010713 |
| a | snkSC 84602 |
| 949 ## - LOCAL PROCESSING INFORMATION (OCLC) | |
| 6 | 17A0016266 |
| 9 | P60, <05>, [BOOK], {605} |
| a | snkSC 84602 D1 |
| 949 ## - LOCAL PROCESSING INFORMATION (OCLC) | |
| 6 | 273K0203433 |
| a | svkpoA 160947 |
| b | svkpo396650 |
| o | PV 122/94 |
| Stav vyradenia | Strata | Poškodenie | Spôsob nadobudnutia | Domovská knižnica | Aktuálna knižnica | Dátum nadobudnutia | Total checkouts | Čiarový kód exemplára | Date last seen | Typ exemplára |
|---|---|---|---|---|---|---|---|---|---|---|
| Dar | Obecná knižnica Horná Štubňa | Obecná knižnica Horná Štubňa | 30.01.2026 | 4736200861 | 30.01.2026 | Krásna literatúra pre dospelých |
